000 00608cam a22002293a 4500
001 256
003 PGUSA
005 20140828082945.0
008 950501s1995||||xxu|||||s|||||000 | eng d
040 _aPGUSA
_beng
042 _adc
050 4 _aG
100 1 _aUnited States
245 1 0 _aMotion Picture of Rotating Earth
_h[electronic resource] /
_cUnited States
260 _bProject Gutenberg,
_c1995
506 _aPublic domain in the USA.
516 _aElectronic text
653 _aWorld maps
830 0 _aProject Gutenberg
_v256
856 4 0 _uhttp://www.gutenberg.org/ebooks/256
942 _cEB
999 _c229609
_d229609